000 00688nam a22002177a 4500
005 20170726111031.0
010 _aENG-119401
020 _c2495.00
_a9789351438748
035 _aEN-102933
037 _bDBAD/PUB
082 _a340.0917645
100 _aMulla, Dinshaw Fardunji
245 _aMulla Hindu law /
_cby Dinshaw Fardunji Mulla
250 _a22nd ed Satyajeet A. Desai
260 _aGurgoan
_bLexisNexis
_c2016
270 _bGurgoan
_e122002
_a14th Floor, Building No. 10, Tower-B, DLF Cyber City, Phase-II
300 _accIxiii,1493p.
_c25cm(Hb)
500 _aIncludes index
700 _aDesai, Satyajeet A.
942 _2ddc
_cEN
_mMUL
_h340.0917645
999 _c142851
_d142851